000 01038nam a22003377a 4500
001 0074
003 DO-SdBPM
005 20260119124459.0
007 ta
008 150930b1998 sp | 00| 0 spa d
020 _a8476307039
040 _aDO-SdBPM
_bspa
_cBPMSU
_erda
082 4 _a428.24
_bM678p 1998
_222
210 _2
245 0 0 _a Mis primeras 1000 plabras en inglés /:
_c ilustración Elena Fernández
_b
246 1 4 _a
_b
264 _a Madrid :
_bEdiciones Libsa,
_c1998
300 _a67 págianas . :
_bilustraciones ;
_c28 cm.
336 _atexto
_btxt
_2rdacontent
337 _asin mediación
_bn
_2rdamedia
338 _avolumen
_bnc
_2rdacarrier
500 _aLibros infantil en inglés
590 _aInventariado, 2026/VM
650 7 _aEnseñanza del inglés
_x
_x
650 7 _a Inglés
_xPalabras y frases.
_x
650 7 _aLibros ilustrados para niños
700 1 _aOrduz, Sergio,
_eilustraciones
710 2 _3Editorial Libsa.
910 _aVMateo V. Control de calidad. BPMSU
942 _2ddc
_cBK
999 _c15610
_d15610